01101nam a2200301Ia 450000500170000000800410001702000180005808200180007610000260009424501190012025000360023930000490027550000320032453400390035665000290039565000420042465000530046665000310051970000280055070000380057894200120061626400330062833600270066133700330068833800280072104000350074999900150078420220317001526.0161108s2013 ck o g 000 0 s  a978958304058004a615.532bW11g1 aWachter, Klausd1934-13aEl gran libro de la homeopatíacKlaus Wachter M.D., Claudia Sarkady, Laszlo Sarkady ; traducción Denise Munlen a1a. edición, 1a reimpresión a323 páginasbfotografías en colorc22 cm aIncluye glosario e índice tDass grosse buch der homöopathie142LEMBaRemedios naturales142LEMBaHomeopatíavUso terapéutico142LEMBaHomeopatíavMedicamentos y terapéutica142LEMBaMedicina Alternativa1 aSarkady, Claudia9749771 aMuhlen, Deniseetraductora974978 2ddccBK aBogotábPanamericanac2013 atextobtxt2rdacontent asin mediaciónbn2rdamedia avolumenbnc2rdacarrier aCO-BoRNBPbspaerdacCO-BoRNBP c7245d7245